<?xml version="1.0" encoding="UTF-8"?>
<collection xmlns="http://www.loc.gov/MARC21/slim">
 <record>
  <leader>00479pamaa2200157   4500</leader>
  <controlfield tag="001">0000009559</controlfield>
  <controlfield tag="005">20060606090000.0</controlfield>
  <datafield tag="020" ind1="0" ind2="0">
   <subfield code="a">0314045538 </subfield>
  </datafield>
  <datafield tag="082" ind1=" " ind2=" ">
   <subfield code="a">621.3815 WIL</subfield>
  </datafield>
  <datafield tag="090" ind1="0" ind2="0">
   <subfield code="a">TK7867 </subfield>
   <subfield code="b">WIL 1996</subfield>
  </datafield>
  <datafield tag="100" ind1="1" ind2="0">
   <subfield code="a">WILLIAMS </subfield>
  </datafield>
  <datafield tag="245" ind1="1" ind2="0">
   <subfield code="a">Analog electronics : </subfield>
   <subfield code="b">devices, circuits, and techniques  </subfield>
   <subfield code="c">Gerald E. Williams.</subfield>
  </datafield>
  <datafield tag="260" ind1="0" ind2="0">
   <subfield code="a">Minneapolis/St. Paul: </subfield>
   <subfield code="b">West Pub., </subfield>
   <subfield code="c">1996.</subfield>
  </datafield>
  <datafield tag="300" ind1=" " ind2=" ">
   <subfield code="a">xvii, 795p.: </subfield>
   <subfield code="b">col.ill.; </subfield>
   <subfield code="c">26cm.</subfield>
  </datafield>
  <datafield tag="650" ind1="0" ind2="0">
   <subfield code="a">Analog electronic systems </subfield>
  </datafield>
  <datafield tag="650" ind1="0" ind2="0">
   <subfield code="a">Electronic circuits </subfield>
  </datafield>
 </record>
</collection>
